[Event "NCA-chT Final"]
[Site "Managua"]
[Date "2020.10.31"]
[Round "5.2"]
[White "Izaba, Rodolfo"]
[Black "Escorcia Obando, Carlos David"]
[Result "1-0"]
[WhiteElo "1996"]
[BlackElo "1831"]
[PlyCount "121"]
[EventDate "2020.10.24"]
[EventType "team-tourn"]
[EventRounds "11"]
[EventCountry "NCA"]
[SourceTitle "EXT 2022"]
[Source "ChessBase"]
[SourceDate "2021.10.06"]
[SourceVersion "1"]
[SourceVersionDate "2021.10.06"]
[SourceQuality "1"]

1. e4 e5 2. Nf3 Nc6 3. Bb5 Nf6 4. d3 Bc5 5. 0-0 d6 6. c3 Bb6 7. h3 0-0 8. Re1 Ne7 9. Nbd2 c6 10. Ba4 Ng6 11. Nf1 Bc7 12. Bb3 Be6 13. Ng3 d5 14. Bg5 h6 15. Be3 Re8 16. Qc2 Qe7 17. d4 dxe4 18. Bxe6 Qxe6 19. Nxe4 Nxe4 20. Qxe4 f5 21. Qc2 e4 22. Ne5 Nxe5 23. dxe5 Qxe5 24. g3 Qe6 25. Qb3 Qxb3 26. axb3 a5 27. h4 Kh7 28. Red1 Rad8 29. Bd4 g5 30. hxg5 hxg5 31. Kg2 Kg6 32. Rh1 f4 33. gxf4 gxf4 34. Rag1 Rg8 35. Kf1+ Kf5 36. Rh5+ Ke6 37. Rh6+ Kd7 38. Rh7+ Kd6 39. Bg7 Ke6 40. Rg6+ Kf5 41. Rf6+ Kg5 42. Rf7 f3 43. Bf6+ Kg6 44. Bxd8 Rxd8 45. Rd7 Rxd7 46. Rxd7 Bf4 47. Rxb7 Bc1 48. Rb6 Bxb2 49. Rxc6+ Kf5 50. Rc5+ Kf4 51. Rxa5 Bxc3 52. Rd5 e3 53. fxe3+ Kxe3 54. Rd7 Bd4 55. b4 Ke4 56. b5 Bc5 57. Rd1 Bb6 58. Rd6 Bc7 59. Rc6 Bg3 60. Rg6 Be5 61. b6 1-0

[Event "NCA-chT 1st Stage"]
[Site "Managua"]
[Date "2020.10.10"]
[Round "5.5"]
[White "Izaba, Rodolfo"]
[Black "Valle Alonso, Moises Abraham"]
[Result "1-0"]
[WhiteElo "1996"]
[BlackElo "1874"]
[PlyCount "85"]
[EventDate "2020.10.03"]
[EventType "team-swiss"]
[EventRounds "9"]
[EventCountry "NCA"]
[SourceTitle "EXT 2022"]
[Source "ChessBase"]
[SourceDate "2021.10.06"]
[SourceVersion "1"]
[SourceVersionDate "2021.10.06"]
[SourceQuality "1"]

1. e4 e5 2. Nf3 Nc6 3. Bb5 a6 4. Ba4 b5 5. Bb3 Bb7 6. 0-0 d6 7. c3 Nf6 8. d3 Be7 9. Re1 Na5 10. Bc2 c5 11. Nbd2 Qc7 12. Nf1 Rc8 13. Bg5 Nc6 14. Ng3 Nd8 15. a4 0-0 16. Nf5 Ne6 17. Nxe7+ Qxe7 18. Bh4 Nf4 19. axb5 axb5 20. Ra7 Ra8 21. Bxf6 gxf6 22. Rxa8 Rxa8 23. Nh4 Bc8 24. Nf5 Bxf5 25. exf5 Kh8 26. Qf3 Qf8 27. g3 Nh3+ 28. Kg2 Ng5 29. Qd5 h6 30. h4 Nh7 31. d4 Rc8 32. Be4 b4 33. Ra1 bxc3 34. bxc3 Qe7 35. Ra6 cxd4 36. cxd4 Rd8 37. Rb6 exd4 38. Rb7 Rd7 39. Rb8+ Kg7 40. Qa8 Nf8 41. Re8 Ra7 42. Rxe7 Rxa8 43. Bxa8 1-0